000 00538nam a22001937a 4500
003 OSt
005 20140310182200.0
008 130902t xxu||||| |||| 00| 0 eng d
020 _a9780205760855
050 _aPE 1106
_b.K63 2010
082 _aHS 415
_bK66 2010
100 _aKlammer, Thomas P.
_916216
245 _aAnalyzing English Grammar /
_cThomas P. Klammer.
260 _aNew York :
_bLongman,
_cc2010.
300 _a446 p. :
_bill. ;
_c26 cm.
650 _a English grammar.
_914773
942 _2lcc
_cHS
999 _c10197
_d10197